Environmental Dangers of Open-Air Testing of Lethal Chemicals : hearings before the United States House Committee on Government Operations, Subcommittee on Conservation and Natural Resources, Ninety-First Congress, first session, on May 20, 21, 1969.

Investigates Army open-air tests of lethal chemicals conducted at Dugway Proving Ground, Utah.

Bibliographic Details
Corporate Authors: United States. Congress. House. Committee on Government Operations. Conservation and Natural Resources Subcommittee, ProQuest (Firm)
Format: Government Document eBook
Language:English
Published: Washington : U.S. G.P.O., 1969.
Series:U.S. Congressional Hearings.
Subjects:
Online Access:Connect to the full text of this electronic book

MARC

Tag First Indicator Second Indicator Subfields
LEADER 00000cam a22000001a 4500
001 in00003206521
005 20190404173049.0
006 m d f
007 cr bn mmmapmmp
008 090623s1969 dcu o f000 0 eng d
035 |a cis2007432316 
040 |a UMI  |c UMI  |d UtOrBLW 
043 |a n-us--- 
086 0 |a Y 4.G 74/7:En 8 
099 |a HRG-1969-OPH-0031 
110 1 |a United States.  |b Congress.  |b House.  |b Committee on Government Operations.  |b Conservation and Natural Resources Subcommittee. 
245 1 0 |a Environmental Dangers of Open-Air Testing of Lethal Chemicals :  |b hearings before the United States House Committee on Government Operations, Subcommittee on Conservation and Natural Resources, Ninety-First Congress, first session, on May 20, 21, 1969. 
264 1 |a Washington :  |b U.S. G.P.O.,  |c 1969. 
300 |a 1 online resource. 
336 |a text  |b txt  |2 rdacontent 
337 |a computer  |b c  |2 rdamedia 
338 |a online resource  |b cr  |2 rdacarrier 
500 |a Record is based on bibliographic data in ProQuest Congressional Hearings Digital Collection. Reuse except for individual research requires license from ProQuest, LLC. 
520 |a Investigates Army open-air tests of lethal chemicals conducted at Dugway Proving Ground, Utah. 
538 |a System requirements: PDF reader software. 
500 |a Electronic resource. 
650 0 |a Gases, Asphyxiating and poisonous  |x Law and legislation  |z Utah. 
655 7 |a Electronic books.  |2 local 
710 2 |a ProQuest (Firm) 
776 0 8 |i Print version:  |a United States. Congress. House. Committee on Government Operations. Conservation and Natural Resources Subcommittee.  |t Environmental Dangers of Open-Air Testing of Lethal Chemicals 
776 0 8 |i Microfiche version:  |a United States. Congress. House. Committee on Government Operations. Conservation and Natural Resources Subcommittee.  |t Environmental Dangers of Open-Air Testing of Lethal Chemicals.  |d [Bethesda, Md.] : ProQuest,[2004]  |o CIS Hrgs MF Gp 3--(91) H2440-3  |w (ProQuest)cis10801908 
830 0 |a U.S. Congressional Hearings. 
856 4 0 |u http://proxy.library.tamu.edu/login?url=http://congressional.proquest.com/congcomp/getdoc?HEARING-ID=HRG-1969-OPH-0031  |z Connect to the full text of this electronic book  |t 0 
998 |a cis10801908 
999 |a MARS 
999 f f |s 3cc18799-8462-369e-93cf-8e8e4c16db76  |i d4df3a82-d3af-33fc-8159-ff1f916c378a  |t 0 
952 f f |a Texas A&M University  |b College Station  |c Electronic Resources  |d Available Online  |t 0  |e HRG-1969-OPH-0031  |h Other scheme 
998 f f |a HRG-1969-OPH-0031  |t 0  |l Available Online